LEADER 01315nam a2200253 i 4500 001 000000233817 003 CaOOAMICUS 005 20140926000000.0 008 140926s1908 it u000 u ita u 013 $a212720 040 $aSeMil$bita 100 1 $aFiori, Annibale.$0(OLS)http://semarc/name/67825 245 10$aManuale di conversazione italiana-tedesca ossia guida completa per chiunque voglia esprimersi con proprietà e speditezza in ambo le lingue e per servire di vade-mecum ai viaggiatori /$cAnnibale Fiori. 250 $a9. ed. interamente rifatta / da G. Cattaneo. 260 $aMilano :$bUlrico Hoepli,$c1908. 300 $aVIII, 484 p. ;$c16 cm. 490 0 $aManuali Hoepli ;$v. 650 4$aLingua tedesca - Dizionari, vocabolari, glossari, etc.$0(OLS)http://semarc/subject/696 830 0$aManuali Hoepli ;$v.$0(OLS)http://semarc/title/7639 850 $aSeMil 852 $aSeMil$W1$xVenegono$y1$m2ZB II 37 FA$j184163$B184163$CSeMilBibl$Z2$F194996 $8I 961 $aRecupero: Altro 996 $6245$aManuale di conversazione italiana-tedesca ossia guida completa per chiunque voglia esprimersi con proprietà e speditezza in ambo le lingue e per servire di vade-mecum ai viaggiatori$9(OLS)http://semarc/title/333730 996 $6260$aMilano :$bUlrico Hoepli$9(OLS)http://semarc/publisher/29765